countries where Sebastian Vettel has won Grand Prix - Statistics

General Stats
  • This quiz has been taken 155 times
  • The average score is 17 of 20
Answer Stats
wins country % Correct
1 Germany
97%
3 Italy
97%
3 Australia
95%
1 United States
94%
2 Britain
93%
3 Spain (Barcelona and Valencia)
91%
1 China
89%
4 Japan
89%
3 Belgium
88%
3 India
88%
5 Singapore
88%
3 Brazil
87%
2 Canada
87%
2 Hungary
86%
2 Monaco
86%
4 Bahrain
82%
4 Malaysia
81%
3 South Korea
75%
1 Turkey
73%
3 United Arab Emirates
71%
No matching quizzes found
Score Distribution
Percent of People with Each Score
Percentile by Number Answered
Your Score History
You have not taken this quiz